Normal view
MARC view
- Technological innovations
Entry Topical Term
001 - CONTROL NUMBER
- control field: 6891
003 - CONTROL NUMBER IDENTIFIER
- control field: OSt
005 - DATE AND TIME OF LATEST TRANSACTION
- control field: 20170522161747.0
008 - FIXED-LENGTH DATA ELEMENTS
- fixed length control field: 170522|| aca||aabn | a|a d
040 ## - CATALOGING SOURCE
- Original cataloging agency: OSt
- Transcribing agency: OSt
150 ## - HEADING--TOPICAL TERM
- Topical term or geographic name entry element: Technological innovations
- General subdivision: Management
670 ## - SOURCE DATA FOUND
- Source citation: Work cat.: (OSt)0: Fulmer, William E. 6533, Shaping the adaptive organization :, 2000

PORTAL AKMAL
E-MEL JKDM
AKMAL2U
G-BAM
u-PUSTAKA